5HLuxD.jpg

KING HENRY VIII SENIOR AND PRIMARY SCHOOL LIBRARY OPAC

FIREMAN SAM (Record no. 5007)

000 -LEADER
fixed length control field 00290nam a22001097a 4500
008 - FIXED-LENGTH DATA ELEMENTS--GENERAL INFORMATION
fixed length control field 250509b ||||| |||| 00| 0 eng d
020 ## - INTERNATIONAL STANDARD BOOK NUMBER
International Standard Book Number 9780603568008
082 ## - DEWEY DECIMAL CLASSIFICATION NUMBER
Classification number 800 SAM
245 ## - TITLE STATEMENT
Title FIREMAN SAM
260 ## - PUBLICATION, DISTRIBUTION, ETC.
Place of publication, distribution, etc. THE YELLOW BUILDING,1 NICHOLAS ROAD,LONDON W11 4AN
Name of publisher, distributor, etc. EGMONT
Date of publication, distribution, etc. 2013
942 ## - ADDED ENTRY ELEMENTS (KOHA)
Source of classification or shelving scheme
Holdings
Withdrawn status Lost status Source of classification or shelving scheme Damaged status Not for loan Collection code Permanent Location Current Location Shelving location Date acquired Total Checkouts Full call number Barcode Date last seen Date last checked out Price effective from Koha item type Public note
          Fiction KH8 Primary School Library KH8 Primary School Library Fiction 2025-05-09 2 E FIC SAM KHPL000006957 2026-02-03 2026-01-27 2025-05-09 Books - Fiction KH8 PRIMARY LIBRARY

Powered By KH8 IT Dept